书目信息 |
| 题名: |
土木工程材料学
|
|
| 作者: | 葛勇 主编 | |
| 分册: | ||
| 出版信息: | 北京 中国建材工业出版社 2007.01 |
|
| 页数: | 357页 | |
| 开本: | 28cm | |
| 丛书名: | ||
| 单 册: | ||
| 中图分类: | TU5 | |
| 科图分类: | ||
| 主题词: | 土木工程--Tu Mu Gong Cheng--建筑材料 | |
| 电子资源: | ||
| ISBN: | 978-7-80227-186-9 | |
| 000 | 00728nam0 2200229 450 | |
| 001 | 1253119777 | |
| 005 | 20120407144545.71 | |
| 010 | @a978-7-80227-186-9@dCNY45.00 | |
| 100 | @a20101129d2007 em y0chiy0110 ea | |
| 101 | 0 | @achi |
| 102 | @aCN@b110000 | |
| 105 | @aa a 000yy | |
| 200 | 1 | @a土木工程材料学@ATu Mu Gong Cheng Cai Liao Xue@f葛勇主编 |
| 210 | @a北京@c中国建材工业出版社@d2007.01 | |
| 215 | @a357页@c图@d28cm | |
| 320 | @a有书目 (第353页) | |
| 330 | @a本书介绍了常用土木工程材料的基本理论、基本知识和新型土木工程材料的基本组成、生产与配制原理、性质与应用。 | |
| 606 | 0 | @a土木工程@ATu Mu Gong Cheng@x建筑材料 |
| 690 | @aTU5@v4 | |
| 701 | 0 | @a葛勇@Age yong@4主编 |
| 801 | 0 | @aCN@c20101129 |
| 905 | @dTU5@eG317 | |
| 土木工程材料学/葛勇主编.-北京:中国建材工业出版社,2007.01 |
| 357页:图;28cm |
| ISBN 978-7-80227-186-9:CNY45.00 |
| 本书介绍了常用土木工程材料的基本理论、基本知识和新型土木工程材料的基本组成、生产与配制原理、性质与应用。 |
| ● |
| 相关链接 |
|
|
|
正题名:土木工程材料学
索取号:TU5/G317
 
预约/预借
| 序号 | 登录号 | 条形码 | 馆藏地/架位号 | 状态 | 备注 |
| 1 | 484899 | 204848996 | 土木与交通工程学院资料室/ [索取号:TU5/G317] | 在馆 |